02263nam a2200289 450000100030000000300040000300500170000700800410002404000080006504100130007308200150008610000320010124000090013324500740014225000190021626000330023530000110026852015500027965000250182965000110185465000130186565000130187865000160189165500120190765500160191970000380193548OSt20250528074010.0250122b |||||||g |||| 00| 1 eng d bpor hengapor a813bB457t1 aBenchley, Peter,d1940-2006 aJaws aTubarão /cBenchly, Peter ; Tradução de A. B. Pinheiro de Lemos a6° edição aRio de JaneirobRecordc1974 a262 p. aVocê não está vendo, mas ele está lá no fundo, observando suas pernas se mexerem nas águas turvas. A mais perfeita máquina assassina da natureza, o predador que mantém seu posto no topo da cadeia alimentar desde a época dos dinossauros. Um torpedo de carne, ossos e dentes. Não há para onde fugir. Se você sempre devorou livros, chegou a hora da revanche. Tubarão é o clássico romance de Peter Benchley que deu origem ao primeiro blockbuster de Spielberg. Mas, mesmo antes do sucesso na telona, o frenesi alimentar de Jaws se transformou num fenômeno de vendas. O best-seller internacional foi o principal responsável em elevar a fera de barbatanas dorsais ao status de perfeita encarnação do mal. Se já existiu um bicho-papão na natureza, ele está dentro d’água. A história se passa em Amity, um balneário ficcional situado em Long Island, Nova York. Quando o corpo de uma turista é encontrado na praia o chefe de polícia Martin Brody ordena o fechamento das praias da região. O prefeito Larry Vaughan, porém, mais preocupado com o dinheiro dos veranistas, consegue abafar a notícia e libera o banho de mar na cidade. O banquete está servido. O impacto dessa obra pop foi tão violento, que gerações passaram a pensar duas vezes antes de cair no mar. O resultado, além das intermináveis semanas do tubarão na tv a cabo, foi a perseguição desenfreada a esses peixes de dentes afiados. Benchley se tornou um ativista contra a matança indiscriminada dos tubarões.  0aLiteratura Americana 0aTerror 0aSuspense 0aAnimais  0aClássicos 0aRomance 0aFicção  aA. B. Pinheiro de LemoseTradutor